[Event "ICS rated blitz match"]
[Site "204.178.125.65"]
[Date "1999.09.11"]
[Round "?"]
[White "R-172"]
[Black "Hossa"]
[Result "0-1"]
[WhiteElo "2045"]
[BlackElo "2472"]
[PlyCount "99"]
[EventDate "1999.??.??"]

1. d4 d5 2. c4 e6 3. Nf3 dxc4 4. e3 b5 5. a4 c6 6. b3 cxb3 7. axb5 cxb5 8. Qxb3
b4 9. Bb5+ Bd7 10. Bd3 a5 11. Ne5 Nf6 12. O-O Be7 13. Nd2 O-O 14. Ndc4 Bb5 15.
f4 a4 16. Qd1 a3 17. Bd2 Ba4 18. Qf3 Nbd7 19. f5 Nxe5 20. Nxe5 Nd7 21. Ng4 e5
22. Be4 Rc8 23. dxe5 Nxe5 24. Nxe5 Qxd2 25. f6 Bxf6 26. Qf5 Qxe3+ 27. Kh1 Qh6
28. Ng4 Qg6 29. Nxf6+ gxf6 30. Qf3 f5 31. Bxf5 Bc6 32. Qh3 Qxg2+ 33. Qxg2+
Bxg2+ 34. Kxg2 Rc5 35. Bg4 Rg5 36. Kf3 f5 37. Bh3 Kf7 38. Rfb1 Rh5 39. Bf1 Rh4
40. Rb3 Rg8 41. h3 Re8 42. Rc1 Kf6 43. Rc6+ Kg5 44. Rb6 Rf4+ 45. Kg2 Re1 46.
Bd3 a2 47. Ra6 a1=Q 48. Rxa1 Rxa1 49. Rb2 Kh4 50. Bc4 {R-172 resigns} 0-1

[Event "ICS rated blitz match"]
[Site "204.178.125.65"]
[Date "1999.09.17"]
[Round "?"]
[White "R-172"]
[Black "Hossa"]
[Result "1/2-1/2"]
[WhiteElo "2264"]
[BlackElo "2403"]
[PlyCount "66"]
[EventDate "1999.??.??"]

1. d4 d5 2. c4 c6 3. Nf3 Nf6 4. Qc2 e6 5. e3 Bd6 6. Nc3 b6 7. cxd5 exd5 8. Bd3
O-O 9. O-O Ba6 10. a3 Re8 11. b4 Bxd3 12. Qxd3 a5 13. b5 Ne4 14. bxc6 Nxc6 15.
Nb5 Rc8 16. Rb1 Bb8 17. Bb2 Ng5 18. Nxg5 Qxg5 19. g3 Qg4 20. Kg2 Qe6 21. Rfc1
Ne7 22. Rxc8 Nxc8 23. Rc1 Ne7 24. a4 Nc6 25. Ba3 Rc8 26. Rc2 Re8 27. Rb2 Rd8
28. Rc2 Nb4 29. Bxb4 axb4 30. Qb3 Qe7 31. Rc6 Qb7 32. Rc2 Qe7 33. Rc6 33... Qb7
{Game drawn by mutual agreement} 1/2-1/2

[Event "ICS rated blitz match"]
[Site "204.178.125.65"]
[Date "1999.10.10"]
[Round "?"]
[White "R-172"]
[Black "Hossa"]
[Result "0-1"]
[WhiteElo "2256"]
[BlackElo "2421"]
[PlyCount "112"]
[EventDate "1999.??.??"]

1. d4 Nf6 2. c4 g6 3. Nc3 Bg7 4. e4 d6 5. Nf3 O-O 6. Be2 e5 7. O-O Nc6 8. d5
Ne7 9. Nd2 Nd7 10. b4 f5 11. f3 a5 12. bxa5 fxe4 13. fxe4 Rxf1+ 14. Bxf1 Rxa5
15. Nb3 Ra8 16. Be3 Nf6 17. Be2 b6 18. a4 c6 19. Qe1 Bg4 20. Bf1 cxd5 21. cxd5
Qc7 22. h3 Bd7 23. Rc1 Qb7 24. Bb5 Bxb5 25. axb5 Rc8 26. Bf2 Qa7 27. Qe3 Qa3
28. Rb1 Qb4 29. Be1 Rxc3 30. Bxc3 Qxe4 31. Qxe4 Nxe4 32. Bb4 Nxd5 33. Nd2 Nec3
34. Bxc3 Nxc3 35. Ra1 Nxb5 36. Rb1 Nc3 37. Rxb6 d5 38. Rb8+ Bf8 39. Nf3 e4 40.
Nd4 Kf7 41. Rb7+ Kf6 42. Rc7 Na4 43. Kf1 Ke5 44. Nb3 h5 45. Rc6 Bd6 46. Na5 Nc5
47. Ke2 Ne6 48. Rc8 Bc7 49. Nc6+ Kd6 50. Na7 d4 51. Nb5+ Kd7 52. Rxc7+ Nxc7 53.
Nxd4 Nd5 54. Nb3 Kd6 55. Nd4 Ke5 56. g3 56... Kxd4 {R-172 resigns} 0-1

[Event "ICS rated blitz match"]
[Site "204.178.125.65"]
[Date "1999.09.03"]
[Round "?"]
[White "R-172"]
[Black "Hossa"]
[Result "1-0"]
[WhiteElo "2046"]
[BlackElo "2573"]
[PlyCount "97"]
[EventDate "1999.??.??"]

1. d4 Nf6 2. c4 e6 3. Nc3 Bb4 4. a3 Bxc3+ 5. bxc3 Ne4 6. Qc2 d5 7. e3 Nd7 8.
Bd3 Ndf6 9. f3 Nd6 10. c5 Nf5 11. e4 Ne7 12. e5 Nd7 13. f4 Ng6 14. Nf3 O-O 15.
h4 f5 16. h5 Nh8 17. Be3 Nf7 18. Kd2 b6 19. c6 Nb8 20. g4 Nh6 21. gxf5 Nxf5 22.
Rag1 Kh8 23. Rg5 h6 24. Bxf5 hxg5 25. Bg6 gxf4 26. Bf2 Qe7 27. h6 Nxc6 28.
hxg7+ Kxg7 29. Rh7+ Kg8 30. Rxe7 Nxe7 31. Bh7+ Kf7 32. Bh4 c5 33. Bf6 Ke8 34.
Qa4+ Bd7 35. Qa6 cxd4 36. Nxd4 Rf7 37. Bd3 Kf8 38. Qb7 Rd8 39. Qc7 Nc6 40. Nxc6
Re8 41. Qd6+ Kg8 42. Bg6 Bc8 43. Bxf7+ Kxf7 44. Qc7+ Bd7 45. Qxd7+ Re7 46.
Qxe7+ Kg6 47. Qg7+ Kf5 48. Kd3 a5 49. Nd4# {Hossa checkmated} 1-0

[Event "ICS rated blitz match"]
[Site "204.178.125.65"]
[Date "1999.09.08"]
[Round "?"]
[White "RM"]
[Black "Hossa"]
[Result "1-0"]
[WhiteElo "2303"]
[BlackElo "2479"]
[PlyCount "102"]
[EventDate "1999.??.??"]

1. e4 d5 2. exd5 Qxd5 3. Nc3 Qa5 4. d4 e5 5. dxe5 Bb4 6. Nf3 Bxc3+ 7. bxc3 Nc6
8. Bd3 Nxe5 9. O-O Qxc3 10. Nxe5 Ne7 11. Bf4 O-O 12. Qd2 Qxd2 13. Bxd2 Rd8 14.
Rfe1 Be6 15. a4 Re8 16. Be4 Rad8 17. Bb4 f6 18. Nf3 Nd5 19. Bxd5 Bxd5 20. Rxe8+
Rxe8 21. Rd1 Bc6 22. a5 Bxf3 23. gxf3 b6 24. axb6 cxb6 25. Kf1 Rc8 26. Rd2 Rc4
27. Bd6 a5 28. Ke2 b5 29. Kd3 Rc6 30. Ba3 b4 31. Bb2 a4 32. Bd4 a3 33. Rd1 a2
34. Ra1 Ra6 35. Kc4 Ra8 36. Kxb4 Kf7 37. Kb3 Ra5 38. Rxa2 Rh5 39. c4 Rxh2 40.
Ra7+ Kg6 41. c5 Rh3 42. c6 Rh1 43. c7 Rc1 44. Bc3 Rb1+ 45. Kc2 Rg1 46. c8=Q Rg5
47. Qe8+ Kh6 48. Bd2 f5 49. Ra6+ g6 50. Qe7 f4 51. Bxf4 51... Kh5 {
Hossa resigns} 1-0

[Event "ICS rated blitz match"]
[Site "204.178.125.65"]
[Date "1999.10.14"]
[Round "?"]
[White "Rabbit-Basher"]
[Black "Hossa"]
[Result "0-1"]
[WhiteElo "2184"]
[BlackElo "2377"]
[PlyCount "52"]
[EventDate "1999.??.??"]

1. e4 e5 2. f4 d5 3. exd5 e4 4. d3 Nf6 5. dxe4 Nxe4 6. Nf3 c6 7. Bd3 Nf6 8.
dxc6 Nxc6 9. O-O Bc5+ 10. Kh1 O-O 11. Nc3 Ng4 12. Qe1 Re8 13. Qg3 Nb4 14. Ne5
Nxd3 15. cxd3 Nh6 16. Bd2 f6 17. Nc4 Bf5 18. Rf3 Qd7 19. Rd1 Bg4 20. Ne4 Bd4
21. Ncd6 f5 22. Nxe8 fxe4 23. dxe4 Rxe8 24. Bc3 Rxe4 25. Bxd4 Bxf3 26. Qxf3
26... Rxd4 {Rabbit-Basher resigns} 0-1

[Event "ICS rated blitz match"]
[Site "204.178.125.65"]
[Date "1999.10.16"]
[Round "?"]
[White "Rabbit-Basher"]
[Black "Hossa"]
[Result "0-1"]
[WhiteElo "2212"]
[BlackElo "2481"]
[PlyCount "66"]
[EventDate "1999.??.??"]

1. e4 e5 2. f4 d5 3. exd5 e4 4. d3 Nf6 5. dxe4 Nxe4 6. Nf3 c6 7. Bd3 Nf6 8.
dxc6 Nxc6 9. Qe2+ Be7 10. Nc3 O-O 11. Bd2 Re8 12. O-O-O Bc5 13. Qf1 Be6 14. Ng5
Nd4 15. Nxe6 Rxe6 16. f5 Rd6 17. Bf4 Rd7 18. Bg5 Rc8 19. Nb5 Qb6 20. Bxf6 Qxf6
21. c3 Qg5+ 22. Kb1 Nxb5 23. Bxb5 Rxd1+ 24. Qxd1 Qxg2 25. Re1 Qxh2 26. Qd7 Rb8
27. Bc4 Rf8 28. Qxb7 Qd2 29. Qe4 Bf2 30. Rf1 Be3 31. Bb3 a6 32. f6 g6 33. Qe7
33... Qd3+ {Rabbit-Basher resigns} 0-1

[Event "ICS rated blitz match"]
[Site "204.178.125.65"]
[Date "1999.10.13"]
[Round "?"]
[White "Rabbit-Basher"]
[Black "Hossa"]
[Result "1-0"]
[WhiteElo "2180"]
[BlackElo "2407"]
[PlyCount "69"]
[EventDate "1999.??.??"]

1. e4 c5 2. Nc3 e6 3. Nf3 Ne7 4. d4 cxd4 5. Nxd4 d5 6. exd5 exd5 7. Bb5+ Nbc6
8. O-O Bd7 9. Re1 a6 10. Bxc6 bxc6 11. Bg5 Qc8 12. Qh5 Bg4 13. Qh4 Be6 14. Nxe6
fxe6 15. Qg4 Kf7 16. Qf4+ Nf5 17. g4 Bd6 18. Qf3 Kg6 19. gxf5+ Kxg5 20. Rxe6
Qc7 21. h3 Bh2+ 22. Kh1 Qf4 23. Qg2+ Kh4 24. Qxh2 Qf3+ 25. Qg2 Qxh3+ 26. Qxh3+
Kxh3 27. Rg1 Rae8 28. Rxg7 Rxe6 29. fxe6 h5 30. e7 d4 31. Ne2 Kh4 32. Nf4 Rg8
33. Rxg8 c5 34. Ng2+ Kh3 35. Rg3# {Hossa checkmated} 1-0

[Event "ICS rated blitz match"]
[Site "204.178.125.65"]
[Date "1999.10.12"]
[Round "?"]
[White "Rabbit-Basher"]
[Black "Hossa"]
[Result "0-1"]
[WhiteElo "2192"]
[BlackElo "2376"]
[PlyCount "68"]
[EventDate "1999.??.??"]

1. e4 e5 2. f4 d5 3. exd5 e4 4. d3 Nf6 5. dxe4 Nxe4 6. Nf3 c6 7. Bd3 Nf6 8.
dxc6 Nxc6 9. O-O Bc5+ 10. Kh1 O-O 11. c3 Ng4 12. Qc2 h6 13. Bc4 Re8 14. b4 Be3
15. Na3 Re7 16. Bb2 Bxf4 17. Rfe1 Ne3 18. Qb3 a5 19. Bb5 Be6 20. c4 axb4 21.
Nc2 Na5 22. Qxb4 Nxc2 23. Qc3 Qf8 24. Qxc2 Bd6 25. Re2 Rc8 26. Rae1 Nxc4 27.
Bxc4 Bxc4 28. Rxe7 Bxe7 29. Ne5 Bxa2 30. Qf5 Be6 31. Qh5 Rc2 32. Bd4 Qd8 33.
Be3 Qd5 34. Bxh6 34... Qxg2# {Rabbit-Basher checkmated} 0-1

[Event "ICS rated blitz match"]
[Site "204.178.125.65"]
[Date "1999.10.10"]
[Round "?"]
[White "Rabbit-Basher"]
[Black "Hossa"]
[Result "0-1"]
[WhiteElo "2317"]
[BlackElo "2503"]
[PlyCount "56"]
[EventDate "1999.??.??"]

1. e4 e6 2. d4 d5 3. Nc3 Nf6 4. Bg5 dxe4 5. Nxe4 Nbd7 6. Nf3 Be7 7. Nxf6+ Bxf6
8. h4 c5 9. Qd2 cxd4 10. O-O-O e5 11. Bb5 Qb6 12. Bxf6 gxf6 13. Qe2 Kf8 14. Nd2
Nc5 15. Bd3 Nxd3+ 16. Qxd3 Be6 17. b3 Rc8 18. Kb1 Rc3 19. Qe4 Kg7 20. h5 Rg8
21. h6+ Kh8 22. Qh4 Bf5 23. Ne4 Rg4 24. Qh5 Rxe4 25. Qxf5 Qc6 26. f3 Re2 27.
Qg4 Rxb3+ 28. axb3 28... Qxc2+ {Rabbit-Basher resigns} 0-1

[Event "ICS rated blitz match"]
[Site "204.178.125.65"]
[Date "1999.10.10"]
[Round "?"]
[White "Rabbit-Basher"]
[Black "Hossa"]
[Result "0-1"]
[WhiteElo "2336"]
[BlackElo "2484"]
[PlyCount "54"]
[EventDate "1999.??.??"]

1. e4 e6 2. d4 d5 3. Nc3 Nf6 4. Bg5 dxe4 5. Nxe4 Nbd7 6. Nf3 Be7 7. Nxf6+ Bxf6
8. h4 c5 9. Qd2 cxd4 10. O-O-O e5 11. Bb5 O-O 12. Bxd7 Bxd7 13. Nxe5 Bxg5 14.
hxg5 Be6 15. Qxd4 Qxg5+ 16. f4 Qg3 17. Rd3 Qxg2 18. Rg1 Qe2 19. Nd7 f6 20.
Nxf6+ Rxf6 21. Qxf6 g6 22. f5 Bd5 23. fxg6 h6 24. Rxd5 Qe3+ 25. Kd1 Qxg1+ 26.
Ke2 Qg2+ 27. Ke3 27... Qxd5 {Rabbit-Basher resigns} 0-1

[Event "ICS rated blitz match"]
[Site "204.178.125.65"]
[Date "1999.09.04"]
[Round "?"]
[White "Randolf-Raatass"]
[Black "Hossa"]
[Result "0-1"]
[WhiteElo "2045"]
[BlackElo "2422"]
[PlyCount "40"]
[EventDate "1999.??.??"]

1. e4 c5 2. Nf3 d6 3. d3 Nc6 4. g3 e5 5. Bg2 Be7 6. O-O Nf6 7. c3 O-O 8. a3 d5
9. Nbd2 Bg4 10. h3 Bh5 11. Qb3 dxe4 12. dxe4 Qd7 13. Re1 Rad8 14. Nc4 Bxf3 15.
Bxf3 Qxh3 16. Qxb7 Qe6 17. Ne3 Rb8 18. Qa6 Nd4 19. Be2 Nf3+ 20. Kf1 20... Qh3+
{Randolf-Raatass resigns} 0-1

[Event "ICS rated blitz match"]
[Site "204.178.125.65"]
[Date "1999.10.03"]
[Round "?"]
[White "Randolf-Raatass"]
[Black "Hossa"]
[Result "0-1"]
[WhiteElo "2064"]
[BlackElo "2434"]
[PlyCount "47"]
[EventDate "1999.??.??"]

1. e4 e6 2. d3 d5 3. Nd2 c5 4. Ngf3 Nc6 5. g3 Bd6 6. Bg2 Nge7 7. O-O O-O 8. Re1
Re8 9. Nf1 b6 10. h4 Ba6 11. e5 Bc7 12. h5 Nf5 13. Bg5 Qb8 14. g4 Nfd4 15. Nxd4
cxd4 16. f4 Bd8 17. Bxd8 Qxd8 18. Nh2 Qh4 19. Qf3 Nb4 20. Re2 Rac8 21. Nf1 Rxc2
22. Rxc2 Nxc2 23. Rc1 Ne1 24. Ng3 {Randolf-Raatass resigns} 0-1

[Event "ICS rated blitz match"]
[Site "204.178.125.65"]
[Date "1999.09.27"]
[Round "?"]
[White "Randolf-Raatass"]
[Black "Hossa"]
[Result "1/2-1/2"]
[WhiteElo "2137"]
[BlackElo "2475"]
[PlyCount "64"]
[EventDate "1999.??.??"]

1. e4 Nf6 2. e5 Nd5 3. c4 Nb6 4. d4 d5 5. c5 N6d7 6. f4 e6 7. Nc3 Be7 8. Nf3
O-O 9. Bd3 Nc6 10. Be3 Nb4 11. Bb1 b6 12. a3 Na6 13. b4 bxc5 14. bxc5 Rb8 15.
O-O c6 16. Qd3 f5 17. exf6 Nxf6 18. Ne5 Qe8 19. g4 Nc7 20. g5 Ba6 21. Qc2 Bxf1
22. gxf6 Rxb1 23. Rxb1 gxf6 24. Rxf1 fxe5 25. fxe5 Rxf1+ 26. Kxf1 Kh8 27. Qa4
Qf7+ 28. Ke2 Qh5+ 29. Kd3 Qg6+ 30. Kd2 Qg2+ 31. Kd3 Qg6+ 32. Kd2 32... Qg2+ {
Game drawn by mutual agreement} 1/2-1/2

[Event "ICS rated blitz match"]
[Site "204.178.125.65"]
[Date "1999.08.30"]
[Round "?"]
[White "RedBear"]
[Black "Hossa"]
[Result "1/2-1/2"]
[WhiteElo "2538"]
[BlackElo "2471"]
[PlyCount "227"]
[EventDate "1999.??.??"]

1. d4 Nf6 2. Nf3 g6 3. c4 Bg7 4. Nc3 O-O 5. e4 d6 6. Be2 Bg4 7. Be3 e5 8. d5
Nfd7 9. O-O f5 10. Ng5 f4 11. Bxg4 Qxg5 12. Bd2 c6 13. h3 Qh4 14. Bc1 Qe7 15.
b3 Kh8 16. Ba3 Rf6 17. Kh1 Na6 18. Rb1 Nb6 19. Qd2 Nc7 20. dxc6 bxc6 21. Rbd1
Ne8 22. Qc1 Qf8 23. c5 dxc5 24. Nb1 f3 25. Bxc5 fxg2+ 26. Kxg2 Qf7 27. Nc3 Rb8
28. Qg5 Rf4 29. Kg1 Qf6 30. Be7 Qf7 31. Rd3 h6 32. Qh4 Kg8 33. Bd6 Nxd6 34.
Rxd6 h5 35. Rd8+ Rxd8 36. Qxd8+ Bf8 37. Bd1 Qe7 38. Qd3 Qg5+ 39. Qg3 Qxg3+ 40.
fxg3 Bc5+ 41. Kg2 Rxf1 42. Kxf1 Bd4 43. Nb1 Kf7 44. g4 h4 45. Nd2 g5 46. Nf3
Kf6 47. Ke2 Nd7 48. Bc2 Nc5 49. Kd2 Ne6 50. Bd3 Nf4 51. Bf1 c5 52. Kc2 Kg6 53.
Kd1 Kh6 54. a3 Kg6 55. Kc1 Be3+ 56. Kb2 Kf6 57. Kc3 Bc1 58. a4 Ba3 59. Kc4 Bb4
60. Kb5 a5 61. Kc4 Ne6 62. Be2 Nd4 63. Bd1 Nxf3 64. Bxf3 Ke6 65. Be2 Kd6 66.
Kb5 Kc7 67. Bc4 Kb7 68. Be6 Kc7 69. Kc4 Kd6 70. Bc8 Kc6 71. Bf5 Be1 72. Be6 Bf2
73. Bd5+ Kb6 74. Ba8 Bg1 75. Kd5 Ka7 76. Bc6 Kb6 77. Bb5 Bh2 78. Bc4 Bf4 79.
Kd6 Bg3 80. Be2 Bf4 81. Bb5 Bh2 82. Kd5 Bf4 83. Be8 Bg3 84. Bd7 Kc7 85. Be6 Kb6
86. Bf5 Bh2 87. Bg6 Bf4 88. Bf7 Bg3 89. Be6 Bf4 90. Bd7 Kc7 91. Bc6 Kb6 92. Kd6
Bh2 93. Bb5 Bf4 94. Bf1 Bg3 95. Bc4 Bf4 96. Kd5 Bg3 97. Bd3 Bf4 98. Be2 Bg3 99.
Bf3 Bh2 100. Bd1 Bf4 101. Kd6 Bg3 102. Bf3 Bf4 103. Be2 Bg3 104. Kd5 Bf4 105.
Bd3 Bg3 106. Bf1 Bf4 107. Ke6 Kc6 108. Bd3 Bg3 109. Bb5+ Kb6 110. Bd7 Bh2 111.
Kf5 Bf4 112. Bb5 Kc7 113. Bc4 Kd6 114. Kf6 {Game drawn by the 50 move rule}
1/2-1/2

[Event "ICS rated blitz match"]
[Site "204.178.125.65"]
[Date "1999.09.29"]
[Round "?"]
[White "RedBear"]
[Black "Hossa"]
[Result "1-0"]
[WhiteElo "2582"]
[BlackElo "2483"]
[Annotator "Fritz 5.32 (22s)"]
[PlyCount "114"]
[EventDate "1999.??.??"]

1. e4 e5 2. Nf3 Nc6 3. Bb5 a6 4. Ba4 Nf6 5. O-O Be7 6. Re1 b5 7. Bb3 O-O 8. c3
d5 9. exd5 Nxd5 10. Nxe5 Nxe5 11. Rxe5 c6 12. d4 Bd6 13. Re1 (13. Bxd5 Bxe5 14.
Bxc6 Bxh2+ 15. Kf1 Ra7 16. g3 Qd6 17. Qf3 Bh3+ 18. Ke1 Re7+ 19. Be3 Bxg3 20. d5
Qe5 21. Kd2 Bxf2 22. Qxf2 Rd8 23. Na3 Bg4 24. Nc2 f5 25. Bd4 Qe2+ 26. Qxe2
Rxe2+ 27. Kd3 27... Rh2 {Tkacik,J-Cizmar,R/SVK 1997/EXT 99/0-1 (48)}) 13... Qc7
14. g3 $146 (14. h3 Bf5 15. Nd2 Rae8 16. Rxe8 Rxe8 17. Nf1 Qd7 18. Bc2 Bxc2 19.
Qxc2 Re6 20. Bd2 Rg6 21. Re1 f5 22. Nh2 Nf6 23. Nf3 Ne4 24. c4 Bc7 25. cxb5
axb5 26. Bb4 Qd5 27. Re3 Bf4 28. Ra3 28... h6 {
Ader Hausman,W-Stekel Grunberg,M/Santiago 1959/MCD/ - (73)}) 14... Bb7 15. Nd2
Nf6 16. Nf3 Rfe8 17. Ng5 Rxe1+ 18. Qxe1 Re8 19. Be3 Re7 20. Qd1 (20. Rd1 20...
Qd7 $14) 20... Qd7 (20... h6 21. Nxf7 Rxf7 22. Bxf7+ Qxf7 23. Qb3 $14) 21. Qd3
h6 22. Nf3 22... Qg4 $16 (22... Qh3 23. Qf1 Qg4 24. Nh4 $16) 23. Ne5 $14 (23.
Nh4 23... Re8 $16) 23... Bxe5 24. dxe5 Rxe5 25. Qd6 25... Re4 $16 (25... Re8
26. Bxh6 Qe2 27. Qc7 $14) 26. Rd1 Nd5 27. Qd8+ Kh7 28. Bc2 Nxe3 29. fxe3 (29.
Bxe4+ $6 29... Qxe4 30. fxe3 Qxe3+ 31. Kf1 Qf3+ 32. Kg1 Qe3+ 33. Kf1 Qf3+ 34.
Kg1 34... Qe3+ $11) 29... Bc8 $2 (29... c5 $142 30. Rf1 30... Qe2 $18) 30.
Bxe4+ (30. Rf1 $142 {damit wuerde Weiss es sich noch erleichtern} 30... Bf5 31.
Rxf5 (31. Bxe4 $6 31... Qxe4 32. Qd4 32... Qe6 $18) 31... Qxf5 32. Qd3 $18)
30... Qxe4 31. Qd3 $1 {ganz unerschrocken} (31. Qxc8 $6 31... Qxe3+ 32. Kf1
Qf3+ 33. Ke1 Qe3+ 34. Kf1 Qf3+ 35. Ke1 Qe3+ 36. Kf1 $11) 31... Qxd3 {Droht Matt
} 32. Rxd3 Be6 33. Rd6 Bxa2 34. Rxc6 a5 35. Kf2 Bc4 36. e4 a4 (36... Bd3 $18)
37. Ke3 (37. Rxc4 $5 {erleichterte Weiss die Gewinnfuehrung} 37... bxc4 38. Ke3
38... Kg6 $18) 37... Be6 (37... Bf1 38. Kd4 $18) 38. Kd4 Bg4 39. Rb6 Be2 40.
Kc5 Bd3 41. e5 h5 42. Rxb5 Bxb5 (42... Bc2 $18 {
ist vielleicht noch ein Schwindelversuch}) 43. Kxb5 Kg6 44. Kc6 Kf5 45. Kd6 Ke4
46. c4 h4 (46... Kd3 {kann das Vorangegangene nicht ungeschehen machen} 47. c5
Kc2 48. c6 Kxb2 49. c7 $18) 47. gxh4 Kd3 48. c5 Kc2 49. e6 fxe6 50. c6 (50.
Kxe6 $6 {kommt nicht in Frage} 50... Kxb2 51. c6 51... a3 $16) 50... e5 51. c7
Kxb2 52. c8=Q e4 53. Qb7+ Kc1 54. Qxg7 Kc2 55. Qg2+ Kc3 56. Qxe4 a3 57. Qe3+
Kc4 1-0

[Event "ICS rated blitz match"]
[Site "204.178.125.65"]
[Date "1999.08.28"]
[Round "?"]
[White "RedBear"]
[Black "Hossa"]
[Result "0-1"]
[WhiteElo "2583"]
[BlackElo "2411"]
[PlyCount "176"]
[EventDate "1999.??.??"]

1. d4 d5 2. c4 dxc4 3. Nf3 c5 4. d5 Nf6 5. Nc3 Nbd7 6. e4 Qa5 7. e5 Ne4 8. Qc2
Nxc3 9. Qxc3 Qxc3+ 10. bxc3 Nb6 11. Ba3 Nxd5 12. Bxc4 e6 13. Bb2 Nb6 14. Bb5+
Bd7 15. Bxd7+ Nxd7 16. O-O-O Rd8 17. Kc2 c4 18. Rd2 Nc5 19. Rxd8+ Kxd8 20. Rd1+
Ke8 21. Ne1 b5 22. f4 a5 23. Ba1 Ne4 24. a4 bxa4 25. Rd4 Nc5 26. Rxc4 a3 27.
Nd3 Nxd3 28. Kxd3 f5 29. Ra4 Rg8 30. Rxa5 g5 31. Ra8+ Kf7 32. Ra7+ Be7 33. c4
gxf4 34. Bd4 Rd8 35. c5 h5 36. Kc3 Rc8 37. Bf2 a2 38. Kc4 Rg8 39. g3 fxg3 40.
hxg3 Rg4+ 41. Kb5 Re4 42. Rxa2 Rxe5 43. Kb6 Rd5 44. c6 Rd6 45. Kb7 Bd8 46. c7
Bxc7 47. Kxc7 Rd3 48. Re2 Kf6 49. Rc2 e5 50. Rc6+ Kg5 51. Re6 e4 52. Kc6 Kg4
53. Rg6+ Kf3 54. Bc5 e3 55. Rg5 e2 56. Rxf5+ Kxg3 57. Bf2+ Kg4 58. Re5 Rd2 59.
Be1 Rb2 60. Kd6 Rc2 61. Kd5 Ra2 62. Re4+ Kf3 63. Ke5 Kg2 64. Rf4 Kg1 65. Bf2+
Kh1 66. Bg3 Ra5+ 67. Kf6 Ra1 68. Re4 Kg2 69. Bh4 Ra6+ 70. Re6 Rxe6+ 71. Kxe6
Kh3 72. Bf2 Kg4 73. Kf7 h4 74. Kg8 e1=Q 75. Bxe1 h3 76. Kf7 h2 77. Ke6 h1=Q 78.
Bf2 Qe4+ 79. Kd6 Qf4+ 80. Kd7 Qxf2 81. Kc6 Kg5 82. Kb5 Kf5 83. Kb4 Ke4 84. Kc3
Qc5+ 85. Kb3 Kd3 86. Ka4 Qb6 87. Ka3 Kc3 88. Ka4 88... Qa6# {RedBear checkmated
} 0-1

[Event "ICS rated blitz match"]
[Site "204.178.125.65"]
[Date "1999.10.15"]
[Round "?"]
[White "RedBear"]
[Black "Hossa"]
[Result "1/2-1/2"]
[WhiteElo "2595"]
[BlackElo "2346"]
[PlyCount "170"]
[EventDate "1999.??.??"]

1. e4 e5 2. Nf3 Nf6 3. Nxe5 d6 4. Nf3 Nxe4 5. d4 d5 6. Bd3 Be7 7. O-O Nc6 8.
Re1 Nd6 9. Bf4 O-O 10. c3 Re8 11. Qc2 Ne4 12. Bxe4 dxe4 13. Qxe4 Be6 14. Nbd2
Qd7 15. Qd3 Rad8 16. Kh1 Bg4 17. Qb5 Qc8 18. d5 a6 19. Qc4 Bxf3 20. Nxf3 Na5
21. Qd3 b5 22. b3 Nb7 23. c4 Nc5 24. Qd4 Ne6 25. Qe4 Nxf4 26. Qxf4 Bf6 27. Rab1
Qb7 28. Re4 bxc4 29. Rbe1 Rxe4 30. Qxe4 Qb4 31. Qe8+ Qf8 32. Qxf8+ Kxf8 33.
bxc4 Rb8 34. c5 Rb5 35. Rc1 Rb2 36. d6 cxd6 37. c6 Rb8 38. Kg1 d5 39. c7 Rc8
40. Kf1 Ke7 41. Rc6 a5 42. Ke2 a4 43. Kd3 Kd7 44. Ra6 Kxc7 45. Rxa4 Kb6 46. Nd4
Rc1 47. Nf5 Rc3+ 48. Kd2 Rc6 49. h3 g6 50. Ne3 d4 51. Ng4 h5 52. Nxf6 Rxf6 53.
f3 Rd6 54. h4 f6 55. Kd3 Kb5 56. Ra8 Kb4 57. g3 g5 58. hxg5 fxg5 59. Rb8+ Ka3
60. Rb5 h4 61. Rxg5 hxg3 62. Rxg3 Kxa2 63. Rg4 Kb3 64. Rg7 Kb4 65. f4 Rf6 66.
Ke4 d3 67. Rd7 Re6+ 68. Kxd3 Kc5 69. Ra7 Re1 70. f5 Rf1 71. Ke2 Rg1 72. f6 Rg8
73. f7 Rf8 74. Kd3 Kd5 75. Re7 Kd6 76. Ra7 Rh8 77. Ra6+ Ke5 78. Ra5+ Kf4 79.
f8=Q+ Rxf8 80. Ra4+ Kf5 81. Ra5+ Kf6 82. Ra6+ Kf5 83. Ra5+ Kf6 84. Ra6+ Kf5 85.
Ra5+ 85... Kf6 {Game drawn by repetition} 1/2-1/2

[Event "ICS rated blitz match"]
[Site "204.178.125.65"]
[Date "1999.08.30"]
[Round "?"]
[White "Ripari"]
[Black "Hossa"]
[Result "0-1"]
[WhiteElo "2033"]
[BlackElo "2488"]
[PlyCount "41"]
[EventDate "1999.??.??"]

1. e4 c6 2. d4 d5 3. e5 e6 4. Bd3 c5 5. c3 cxd4 6. cxd4 Nc6 7. Ne2 Bb4+ 8. Kf1
Nge7 9. f4 O-O 10. Nd2 f6 11. Nf3 fxe5 12. dxe5 Bd7 13. g3 Ba5 14. Kg2 Nb4 15.
Bb1 Qe8 16. a3 Nbc6 17. b4 Bb6 18. Ng5 g6 19. h4 Nf5 20. h5 gxh5 21. Rxh5 {
Ripari resigns} 0-1

[Event "ICS rated blitz match"]
[Site "204.178.125.65"]
[Date "1999.08.30"]
[Round "?"]
[White "Ripari"]
[Black "Hossa"]
[Result "0-1"]
[WhiteElo "2037"]
[BlackElo "2491"]
[PlyCount "40"]
[EventDate "1999.??.??"]

1. e4 c6 2. d4 d5 3. e5 e6 4. Nf3 Nd7 5. Bd3 c5 6. Be3 cxd4 7. Bxd4 Bc5 8. Bxc5
Nxc5 9. Bb5+ Bd7 10. Qe2 Ne7 11. O-O O-O 12. Bxd7 Qxd7 13. Nd4 Nc6 14. c3 Ne4
15. f4 Nxd4 16. cxd4 Rac8 17. Na3 Qa4 18. Rac1 Qxd4+ 19. Kh1 Nf2+ 20. Qxf2
20... Qxf2 {Ripari resigns} 0-1

[Event "ICS rated blitz match"]
[Site "204.178.125.65"]
[Date "1999.08.31"]
[Round "?"]
[White "Risitas"]
[Black "Hossa"]
[Result "0-1"]
[WhiteElo "2337"]
[BlackElo "2544"]
[PlyCount "34"]
[EventDate "1999.??.??"]

1. e4 c6 2. d4 d5 3. e5 e6 4. f4 c5 5. Nf3 cxd4 6. Nxd4 Nd7 7. Bd3 Bc5 8. Nb3
Ne7 9. Nxc5 Nxc5 10. Bb5+ Bd7 11. Bxd7+ Nxd7 12. O-O O-O 13. Kh1 Nf5 14. Nc3
Qh4 15. Qf3 f6 16. g3 Qh3 17. exf6 17... Nxg3+ {Risitas resigns} 0-1

[Event "ICS rated blitz match"]
[Site "204.178.125.65"]
[Date "1999.08.31"]
[Round "?"]
[White "Risitas"]
[Black "Hossa"]
[Result "0-1"]
[WhiteElo "2323"]
[BlackElo "2545"]
[PlyCount "82"]
[EventDate "1999.??.??"]

1. e4 c6 2. d4 d5 3. e5 e6 4. f4 c5 5. c3 cxd4 6. cxd4 Bb4+ 7. Nc3 Ne7 8. Nf3
Nbc6 9. Bd3 Bd7 10. O-O Rc8 11. a3 Bxc3 12. bxc3 h6 13. Kh1 O-O 14. g4 Na5 15.
Bd2 Nc4 16. g5 Nb2 17. Qe2 Nxd3 18. Qxd3 h5 19. Nh4 Rc4 20. Rg1 Bb5 21. Qg3 Rc7
22. g6 Qe8 23. gxf7+ Qxf7 24. Ng6 Nxg6 25. Qxg6 Be2 26. Qxf7+ Rfxf7 27. Rg5
Bf3+ 28. Kg1 Bg4 29. Kf2 Rf5 30. Rxf5 Bxf5 31. Ra2 h4 32. Rb2 Kf7 33. Rb4 Kg6
34. Rb2 Bd3 35. Be1 Kf5 36. h3 Kxf4 37. Bd2+ Kf5 38. Ke3 Bf1 39. Be1 Bxh3 40.
Bxh4 Rxc3+ 41. Kd2 41... Rxa3 {Risitas resigns} 0-1

[Event "ICS rated blitz match"]
[Site "204.178.125.65"]
[Date "1999.10.17"]
[Round "?"]
[White "RiverMountain"]
[Black "Hossa"]
[Result "1-0"]
[WhiteElo "2328"]
[BlackElo "2535"]
[PlyCount "121"]
[EventDate "1999.??.??"]

1. d4 d6 2. c4 g6 3. Nc3 Nd7 4. Nf3 e5 5. e4 Bg7 6. Be2 Ne7 7. O-O O-O 8. Be3
f5 9. exf5 Rxf5 10. Ng5 Nb6 11. d5 c6 12. Bd3 Rf6 13. dxc6 Nxc6 14. Bxb6 axb6
15. Be4 Kh8 16. Bd5 Qe7 17. Nge4 Rf4 18. Nb5 Nd4 19. Nexd6 Bg4 20. f3 Nxb5 21.
Nxb5 Qc5+ 22. Kh1 Bc8 23. Qe2 Qe7 24. Qe3 Ra6 25. a3 Qd8 26. Rfe1 Qd7 27. Rad1
Rf8 28. Be4 Qe7 29. Nd6 b5 30. Nxc8 Rxc8 31. cxb5 Raa8 32. Kg1 Rc7 33. b4 Qf6
34. b6 Rf7 35. Rc1 Qh4 36. Bd5 Rd7 37. Be6 Rdd8 38. Rcd1 Rd4 39. Bd5 Qd8 40.
Rxd4 exd4 41. Qe4 d3 42. Qxd3 Qxb6+ 43. Kh1 Rf8 44. Qe4 Bc3 45. Rd1 Rb8 46. Rb1
Qb5 47. f4 Qd7 48. Qf3 Bd4 49. Re1 b5 50. Rd1 Qa7 51. Bc6 Bb2 52. Bxb5 Qxa3 53.
Qe4 Bc3 54. Rb1 Qa2 55. Bc6 Qf2 56. Rd1 Rxb4 57. Rd8+ Kg7 58. Qe7+ Kh6 59. Qg5+
Kg7 60. Rd7+ Kf8 61. Qd8# {Hossa checkmated} 1-0